| 000 | 00423nam a2200157 4500 | ||
|---|---|---|---|
| 001 | 109494 | ||
| 003 | ES-MaACL | ||
| 005 | 20230906184843.0 | ||
| 007 | t| | ||
| 008 | 061121s1920 fr r ||||1| fre d | ||
| 100 | 1 |
_aOlphe-Galliard, G. _987008 |
|
| 245 | 1 | 3 |
_aLa morale des nations / _cG. Olphe-Galliard. |
| 260 |
_a[ParĂs : _bM. Giard & E. Briere], _c1920. |
||
| 300 |
_a306 p. ; _c22 cm. |
||
| 852 |
_aES-MaACL _jF-2243 |
||
| 999 |
_c109494 _d109494 |
||